000 00578 a2200181 4500
003 OSt
005 20180116182840.0
008 160428b xxu||||| |||| 00| 0 eng d
020 _a0074714929 (paperback)
020 _a9780074714928 (paperback)
040 _c0
100 1 _aDecieri.
245 1 0 _aHuman resource management in australia .
_cDecieri.
260 _a[S.l.] :
_bMcgraw Hill Higher Education,
_c2005
300 _a1 v. (unpaged)
856 4 0 _3Amazon.com
_uhttp://www.amazon.com/exec/obidos/ASIN/0074714929/chopaconline-20
942 _aNBS
_cBK
_k658.300994 CIE
_2ddc
999 _c347178
_d347178